McMinn's color atlas of human anatomy

This popular atlas maps out the structures of the human body and puts them in a clinical context. It incorporates an unrivalled collection of cadaveric, osteological, and clinical images with surface anatomy models, interpretive drawings, orientational diagrams, and diagnostic images. The 5th Editio...

Cijeli opis

Spremljeno u:
Bibliografski detalji
Glavni autor: Abrahams, Peter H.
Format: Knjiga
Jezik:Undetermined
Izdano: New York Mosby 2003
Teme:
Oznake: Dodaj oznaku
Bez oznaka, Budi prvi tko označuje ovaj zapis!
Thư viện lưu trữ: Trung tâm Học liệu Trường Đại học Cần Thơ
LEADER 01131nam a2200205Ia 4500
001 CTU_213000
008 210402s9999 xx 000 0 und d
082 |a 611 
082 |b A159 
100 |a Abrahams, Peter H. 
245 0 |a McMinn's color atlas of human anatomy 
245 0 |c Peter H. Abrahams, Sandy C. Marks Jr., Ralph Hutchings 
260 |a New York 
260 |b Mosby 
260 |c 2003 
520 |a This popular atlas maps out the structures of the human body and puts them in a clinical context. It incorporates an unrivalled collection of cadaveric, osteological, and clinical images with surface anatomy models, interpretive drawings, orientational diagrams, and diagnostic images. The 5th Edition features over 50 new dissection photos, many of which are taken from a distance to make them more recognizable in the lab setting. It also offers a more streamlined, user-friendly design, more clinical tips, and a companion CD-ROM with seven anatomical animations. 
650 |a Human anatomy,Anatomy 
650 |x Atlas,Atlases 
904 |i Tuyến 
980 |a Trung tâm Học liệu Trường Đại học Cần Thơ